| 000 | 00000nam 2200000za 4500 |
| 001 | 9.846942 |
| 003 | CaOODSP |
| 005 | 20221107153326 |
| 007 | cr ||||||||||| |
| 008 | 171110s1988 onc |o f|0| 0 fre d |
| 040 | |aCaOODSP|bfre |
| 043 | |an-cn--- |
| 086 | 1 |aCS11-0019/19F-PDF |
| 100 | 1 |aRowe, G. |
| 245 | 10|aRépartitions des risques de mortalité |bune analyse de tables de mortalité / |h[ressource électronique] : |cpar Geoff Rowe. |
| 260 | |a[Ottawa] : |bStatistique Canada, |c1988. |
| 300 | |a[36] p. |
| 490 | 0 |aDocuments de recherche ; |vno. 19 |
| 500 | |aPubl. aussi en anglais sous le titre : Mortality risk distribution: a life table analysis. |
| 500 | |aÉdition numérisée de l'imprimé [par Statistique Canada]. |
| 504 | |aComprend des références bibliographiques. |
| 520 | |a« La présente étude examine la répartition des risques de mortalité au Canada pendant la période 1975-1977. La description repose sur des estimations non paramétriques des densités de probabilité des risques de mortalité dans des groupes d'âges quinquennaux. Ces estimations sont tirées de données sur la mortalité par âge dans des petites régions, après ajustement destiné à tenir compte de la variabilité d'échantillonnage. »--Résumé. |
| 692 | 07|2gccst|aTaux de mortalité |
| 710 | 2 |aStatistique Canada. |bDirection des études analytiques. |
| 775 | 08|tMortality risk distribution |w(CaOODSP)9.846940 |
| 830 | #0|aDocuments de recherche (Statistique Canada. Direction des études analytiques)|vno 19|w(CaOODSP)9.500842 |
| 856 | 40|qPDF|s3.30 Mo|uhttps://publications.gc.ca/collections/collection_2017/statcan/11f0019m/CS11-0019-19-fra.pdf |